[Event "15e Festival de Meurthe et Moselle Blitz"]
[Site "?"]
[Date "2017.02.18"]
[Round "10.3"]
[White "Da Silva, Quentin"]
[Black "Bellahcene, Bilel"]
[Result "0-1"]
[LiveChessVersion "1.4.8"]
[BlackElo "2486"]
[WhiteElo "2146"]

1. e4 {[%clk 0:04:02]} c5 {[%clk 0:04:03]} 2. d4 {[%clk 0:03:59]} cxd4
{[%clk 0:04:04]} 3. c3 {[%clk 0:04:01]} d3 {[%clk 0:04:05]} 4. Bxd3
{[%clk 0:04:01]} Nc6 {[%clk 0:04:06]} 5. Nf3 {[%clk 0:04:00]} g6 {[%clk 0:04:06]}
6. O-O {[%clk 0:03:59]} Bg7 {[%clk 0:04:07]} 7. c4 {[%clk 0:03:57]} d6
{[%clk 0:04:08]} 8. Nc3 {[%clk 0:03:53]} Nf6 {[%clk 0:04:08]} 9. h3
{[%clk 0:03:49]} O-O {[%clk 0:04:09]} 10. Be3 {[%clk 0:03:41]} Nd7
{[%clk 0:04:10]} 11. Rc1 {[%clk 0:03:29]} Nc5 {[%clk 0:04:09]} 12. Bb1
{[%clk 0:03:10]} a5 {[%clk 0:04:09]} 13. Nd4 {[%clk 0:02:53]} a4 {[%clk 0:03:58]}
14. Ndb5 {[%clk 0:02:06]} b6 {[%clk 0:03:54]} 15. Qd2 {[%clk 0:01:44]} Bb7
{[%clk 0:03:54]} 16. Bh6 {[%clk 0:01:35]} Ne5 {[%clk 0:03:51]} 17. Bxg7
{[%clk 0:01:29]} Kxg7 {[%clk 0:03:52]} 18. f4 {[%clk 0:01:19]} Ned7
{[%clk 0:03:49]} 19. Rfe1 {[%clk 0:00:58]} Kg8 {[%clk 0:03:42]} 20. e5
{[%clk 0:00:46]} dxe5 {[%clk 0:03:31]} 21. fxe5 {[%clk 0:00:46]} Qb8
{[%clk 0:03:28]} 22. e6 {[%clk 0:00:36]} fxe6 {[%clk 0:03:30]} 23. Qg5
{[%clk 0:00:17]} Qf4 {[%clk 0:03:25]} 24. Qxf4 {[%clk 0:00:14]} Rxf4
{[%clk 0:03:27]} 25. Nc7 {[%clk 0:00:13]} Raf8 {[%clk 0:03:28]} 26. Nxe6
{[%clk 0:00:09]} Nxe6 {[%clk 0:03:11]} 27. Rxe6 {[%clk 0:00:10]} Rf2
{[%clk 0:02:39]} 28. Re2 {[%clk 0:00:11]} Rxe2 {[%clk 0:02:35]} 29. Nxe2
{[%clk 0:00:12]} Ne5 {[%clk 0:02:32]} 30. b3 Rd8 31. Nc3 {[%clk 0:00:04]} Rd2
{[%clk 0:02:29]} 32. Rc2 {[%clk 0:00:05]} Rd4 {[%clk 0:02:18]} 33. Nxa4
{[%clk 0:00:05]} Rd1+ {[%clk 0:02:19]} 34. Kh2 {[%clk 0:00:05]} Rxb1
{[%clk 0:02:20]} 35. Re2 {[%clk 0:00:05]} Nc6 {[%clk 0:01:39]} 36. Nxb6
{[%clk 0:00:05]} e5 {[%clk 0:01:41]} 37. Nd5 {[%clk 0:00:05]} Bc8
{[%clk 0:01:29]} 38. b4 {[%clk 0:00:05]} Be6 {[%clk 0:01:25]} 39. b5
{[%clk 0:00:05]} Bxd5 {[%clk 0:01:25]} 40. cxd5 {[%clk 0:00:03]} Nd4
{[%clk 0:01:25]} 41. Rxe5 {[%clk 0:00:03]} Rxb5 {[%clk 0:01:26]} 42. Re8+
{[%clk 0:00:04]} Kf7 {[%clk 0:01:26]} 43. Rd8 {[%clk 0:00:05]} h5
{[%clk 0:01:15]} 44. d6 {[%clk 0:00:06]} Ne6 {[%clk 0:01:16]} 45. Rd7+
{[%clk 0:00:06]} Kf6 {[%clk 0:01:18]} 46. Ra7 {[%clk 0:00:05]} Rd5
{[%clk 0:01:17]} 47. d7 {[%clk 0:00:05]} Nc5 {[%clk 0:01:07]} 48. Ra5
{[%clk 0:00:03]} Ke7 {[%clk 0:01:08]} 49. a4 {[%clk 0:00:03]} Kxd7
{[%clk 0:01:08]} 50. Rb5 {[%clk 0:00:04]} Kc6 {[%clk 0:01:07]} 51. Rb4
{[%clk 0:00:03]} Rd2 {[%clk 0:01:06]} 52. a5 {[%clk 0:00:04]} Kd5
{[%clk 0:00:55]} 53. Rb6 {[%clk 0:00:05]} Ne6 {[%clk 0:00:56]} 54. a6
{[%clk 0:00:04]} Ra2 {[%clk 0:00:57]} 55. Kg3 {[%clk 0:00:03]} g5
{[%clk 0:00:58]} 56. Kf3 {[%clk 0:00:03]} Nd4+ {[%clk 0:00:55]} 57. Kg3
{[%clk 0:00:00]} 0-1

[Event "15e Festival de Meurthe et Moselle Blitz"]
[Site "?"]
[Date "2017.02.18"]
[Round "10.4"]
[White "Gurevich, Mikhail"]
[Black "Fridman, Daniel"]
[Result "1-0"]
[LiveChessVersion "1.4.8"]
[BlackElo "2594"]
[WhiteElo "2549"]

1. g3 {[%clk 0:04:01]} Nf6 {[%clk 0:04:02]} 2. Bg2 {[%clk 0:04:03]} d5
{[%clk 0:04:03]} 3. d3 {[%clk 0:04:03]} g6 {[%clk 0:04:01]} 4. f4
{[%clk 0:04:03]} Bg7 {[%clk 0:03:57]} 5. Nf3 {[%clk 0:04:04]} O-O
{[%clk 0:03:57]} 6. O-O {[%clk 0:04:04]} c5 {[%clk 0:03:59]} 7. c3
{[%clk 0:04:03]} Nc6 {[%clk 0:03:59]} 8. Qe1 {[%clk 0:03:57]} Re8
{[%clk 0:03:51]} 9. e4 {[%clk 0:03:53]} dxe4 {[%clk 0:03:43]} 10. dxe4
{[%clk 0:03:53]} e5 {[%clk 0:03:44]} 11. f5 {[%clk 0:03:40]} gxf5
{[%clk 0:03:33]} 12. Nh4 {[%clk 0:03:36]} fxe4 {[%clk 0:03:14]} 13. Nd2
{[%clk 0:03:01]} Ne7 {[%clk 0:02:38]} 14. Nxe4 {[%clk 0:02:51]} Nxe4
{[%clk 0:02:37]} 15. Bxe4 {[%clk 0:02:51]} Ng6 {[%clk 0:02:38]} 16. Nf5
{[%clk 0:02:47]} Bxf5 {[%clk 0:02:09]} 17. Rxf5 {[%clk 0:02:46]} Qd7
{[%clk 0:02:05]} 18. Bg5 {[%clk 0:02:22]} Re6 {[%clk 0:01:29]} 19. Qf2
{[%clk 0:01:58]} c4 {[%clk 0:01:11]} 20. Rf1 {[%clk 0:01:55]} Rf8
{[%clk 0:01:08]} 21. Qxa7 {[%clk 0:01:44]} h6 {[%clk 0:01:01]} 22. Be3
{[%clk 0:01:26]} Ne7 {[%clk 0:01:02]} 23. R5f2 {[%clk 0:01:22]} Ra6
{[%clk 0:00:33]} 24. Qxb7 {[%clk 0:00:46]} Qxb7 {[%clk 0:00:29]} 25. Bxb7
{[%clk 0:00:47]} Rxa2 {[%clk 0:00:17]} 26. Bc5 {[%clk 0:00:48]} Rb8
{[%clk 0:00:17]} 27. Be4 {[%clk 0:00:48]} f5 {[%clk 0:00:12]} 28. Bb1
{[%clk 0:00:42]} Raxb2 {[%clk 0:00:12]} 29. Rxb2 {[%clk 0:00:42]} Rxb2
{[%clk 0:00:13]} 30. Bxe7 {[%clk 0:00:31]} e4 {[%clk 0:00:14]} 31. Bb4
{[%clk 0:00:30]} h5 {[%clk 0:00:14]} 32. h3 {[%clk 0:00:25]} Bh6 {[%clk 0:00:15]}
33. g4 {[%clk 0:00:23]} hxg4 {[%clk 0:00:16]} 34. hxg4 {[%clk 0:00:24]} e3
{[%clk 0:00:14]} 35. Bxf5 {[%clk 0:00:23]} e2 {[%clk 0:00:13]} 36. Re1
{[%clk 0:00:24]} Bg5 {[%clk 0:00:14]} 37. Be6+ {[%clk 0:00:22]} Kg7
{[%clk 0:00:15]} 38. Bxc4 {[%clk 0:00:23]} 1-0

[Event "15e Festival de Meurthe et Moselle Blitz"]
[Site "?"]
[Date "2017.02.18"]
[Round "11.1"]
[White "Fressinet, Laurent"]
[Black "Santamaria, Jorge"]
[Result "1-0"]
[LiveChessVersion "1.4.8"]
[BlackElo "2207"]
[WhiteElo "2660"]

1. Nf3 {[%clk 0:04:03]} c5 {[%clk 0:04:03]} 2. e4 {[%clk 0:04:01]} g6
{[%clk 0:04:03]} 3. c3 {[%clk 0:03:59]} Bg7 {[%clk 0:04:02]} 4. d4
{[%clk 0:04:00]} cxd4 {[%clk 0:04:02]} 5. cxd4 {[%clk 0:04:01]} d5
{[%clk 0:04:01]} 6. e5 {[%clk 0:04:02]} Nc6 {[%clk 0:04:02]} 7. Bb5
{[%clk 0:03:55]} Bg4 {[%clk 0:03:56]} 8. Nbd2 {[%clk 0:03:49]} Rc8
{[%clk 0:03:47]} 9. O-O {[%clk 0:03:33]} e6 {[%clk 0:03:48]} 10. h3
{[%clk 0:03:24]} Bxf3 {[%clk 0:03:49]} 11. Nxf3 {[%clk 0:03:24]} Nge7
{[%clk 0:03:50]} 12. Bg5 {[%clk 0:03:17]} h6 {[%clk 0:03:47]} 13. Bxe7
{[%clk 0:03:07]} Qxe7 {[%clk 0:03:48]} 14. Rc1 {[%clk 0:03:08]} O-O
{[%clk 0:03:41]} 15. Qa4 {[%clk 0:03:05]} Rc7 {[%clk 0:03:14]} 16. Rc3
{[%clk 0:02:57]} Rfc8 {[%clk 0:03:14]} 17. Rfc1 {[%clk 0:02:56]} Bf8
{[%clk 0:02:21]} 18. Ne1 {[%clk 0:02:19]} Nb4 {[%clk 0:01:57]} 19. Qxa7
{[%clk 0:01:56]} Nc6 {[%clk 0:01:21]} 20. Qa4 {[%clk 0:01:56]} Qb4
{[%clk 0:01:16]} 21. Nd3 {[%clk 0:01:34]} Qe7 {[%clk 0:00:32]} 22. Bxc6
{[%clk 0:01:15]} bxc6 {[%clk 0:00:23]} 23. Qd1 {[%clk 0:00:58]} Qg5
{[%clk 0:00:15]} 24. Qg4 {[%clk 0:00:46]} Qd8 {[%clk 0:00:05]} 25. b4
{[%clk 0:00:47]} 1-0

[Event "15e Festival de Meurthe et Moselle Blitz"]
[Site "?"]
[Date "2017.02.18"]
[Round "11.2"]
[White "Gurevich, Mikhail"]
[Black "Nevednichy, Vladislav"]
[Result "1-0"]
[LiveChessVersion "1.4.8"]
[BlackElo "2548"]
[WhiteElo "2549"]

1. g3 {[%clk 0:04:02]} g6 {[%clk 0:03:53]} 2. Bg2 {[%clk 0:04:03]} Bg7
{[%clk 0:03:54]} 3. c4 {[%clk 0:04:04]} d6 {[%clk 0:03:48]} 4. Nc3
{[%clk 0:04:03]} Nf6 {[%clk 0:03:42]} 5. d3 {[%clk 0:04:02]} O-O {[%clk 0:03:38]}
6. e3 {[%clk 0:04:02]} c6 {[%clk 0:03:34]} 7. e4 {[%clk 0:04:02]} e5
{[%clk 0:03:30]} 8. Nge2 {[%clk 0:04:01]} a5 {[%clk 0:03:30]} 9. O-O
{[%clk 0:03:59]} Na6 {[%clk 0:03:31]} 10. h3 {[%clk 0:03:59]} Nd7
{[%clk 0:03:29]} 11. Be3 {[%clk 0:03:58]} Ndc5 {[%clk 0:03:28]} 12. d4
{[%clk 0:03:53]} Ne6 {[%clk 0:03:13]} 13. d5 {[%clk 0:03:50]} Nec5
{[%clk 0:03:13]} 14. Qd2 {[%clk 0:03:41]} cxd5 {[%clk 0:03:13]} 15. Nxd5
{[%clk 0:03:37]} Be6 {[%clk 0:03:02]} 16. Nec3 {[%clk 0:03:27]} Nb4
{[%clk 0:02:53]} 17. Rad1 {[%clk 0:03:21]} Nc6 {[%clk 0:02:52]} 18. Nb5
{[%clk 0:03:16]} Kh8 {[%clk 0:02:14]} 19. b3 {[%clk 0:03:13]} Rc8
{[%clk 0:02:05]} 20. Ndc3 {[%clk 0:03:06]} b6 {[%clk 0:01:52]} 21. Qxd6
{[%clk 0:02:57]} Nd4 {[%clk 0:01:53]} 22. f4 {[%clk 0:02:34]} Qxd6
{[%clk 0:01:24]} 23. Nxd6 {[%clk 0:02:34]} Rcd8 {[%clk 0:01:25]} 24. fxe5
{[%clk 0:02:09]} Nc6 {[%clk 0:01:26]} 25. Bg5 {[%clk 0:01:58]} Rd7
{[%clk 0:01:23]} 26. Ndb5 {[%clk 0:01:33]} Bxe5 {[%clk 0:01:20]} 27. Rxd7
{[%clk 0:01:28]} Nxd7 {[%clk 0:01:15]} 28. Bf4 {[%clk 0:01:24]} Bf6
{[%clk 0:01:04]} 29. Nd5 {[%clk 0:01:23]} Be5 {[%clk 0:00:57]} 30. Kh2
{[%clk 0:01:18]} Kg7 {[%clk 0:00:58]} 31. Rd1 {[%clk 0:01:18]} Rb8
{[%clk 0:00:53]} 32. Ndc7 {[%clk 0:01:15]} Nc5 {[%clk 0:00:48]} 33. h4
{[%clk 0:01:07]} h6 {[%clk 0:00:46]} 34. Be3 {[%clk 0:00:55]} g5 {[%clk 0:00:41]}
35. hxg5 {[%clk 0:00:53]} hxg5 {[%clk 0:00:43]} 36. Nxe6+ {[%clk 0:00:47]} Nxe6
{[%clk 0:00:36]} 37. Bh3 {[%clk 0:00:45]} Rh8 {[%clk 0:00:30]} 38. Kg2
{[%clk 0:00:44]} Nc5 {[%clk 0:00:30]} 39. Bf5 {[%clk 0:00:44]} Nb4
{[%clk 0:00:29]} 40. Rd2 {[%clk 0:00:43]} Nbd3 {[%clk 0:00:27]} 41. Bxg5
{[%clk 0:00:42]} Ne1+ {[%clk 0:00:27]} 42. Kf2 {[%clk 0:00:41]} Ncd3+
{[%clk 0:00:28]} 43. Ke3 {[%clk 0:00:41]} Bxg3 {[%clk 0:00:22]} 44. Re2
{[%clk 0:00:38]} Rh5 {[%clk 0:00:15]} 45. Bd8 {[%clk 0:00:36]} Bf4+
{[%clk 0:00:15]} 46. Kd4 {[%clk 0:00:37]} Be5+ {[%clk 0:00:14]} 47. Kd5
{[%clk 0:00:38]} Nf4+ {[%clk 0:00:15]} 48. Kxe5 {[%clk 0:00:38]} Nxe2
{[%clk 0:00:16]} 49. Bxb6 {[%clk 0:00:38]} Nd3+ {[%clk 0:00:15]} 50. Kd6
{[%clk 0:00:38]} a4 {[%clk 0:00:13]} 51. c5 {[%clk 0:00:37]} axb3
{[%clk 0:00:13]} 52. axb3 {[%clk 0:00:38]} Rh6+ {[%clk 0:00:13]} 53. Kc7
{[%clk 0:00:39]} Ne5 {[%clk 0:00:14]} 54. Nd6 {[%clk 0:00:38]} Nd4
{[%clk 0:00:14]} 55. b4 {[%clk 0:00:38]} Kf8 {[%clk 0:00:13]} 56. Bd7
{[%clk 0:00:35]} Ke7 {[%clk 0:00:12]} 57. Nf5+ {[%clk 0:00:35]} Nxf5
{[%clk 0:00:13]} 58. Bxf5 {[%clk 0:00:36]} Rc6+ {[%clk 0:00:06]} 59. Kb7
{[%clk 0:00:37]} Rh6 {[%clk 0:00:07]} 60. b5 {[%clk 0:00:38]} Nc4
{[%clk 0:00:08]} 61. c6 {[%clk 0:00:38]} Nd6+ {[%clk 0:00:08]} 62. Ka6
{[%clk 0:00:38]} Rh8 {[%clk 0:00:08]} 63. Bc5 {[%clk 0:00:37]} Ra8+
{[%clk 0:00:07]} 64. Kb6 {[%clk 0:00:39]} f6 {[%clk 0:00:04]} 65. Kc7
{[%clk 0:00:39]} Rd8 {[%clk 0:00:03]} 66. b6 {[%clk 0:00:37]} Rc8+ 1-0

[Event "15e Festival de Meurthe et Moselle Blitz"]
[Site "?"]
[Date "2017.02.18"]
[Round "11.3"]
[White "Shchekachev, Andrei"]
[Black "Bellahcene, Bilel"]
[Result "1-0"]
[LiveChessVersion "1.4.8"]
[BlackElo "2486"]
[WhiteElo "2552"]

1. Nf3 {[%clk 0:04:02]} d5 {[%clk 0:04:03]} 2. d3 {[%clk 0:04:03]} Nc6
{[%clk 0:04:03]} 3. Nbd2 {[%clk 0:04:03]} e5 {[%clk 0:04:04]} 4. e4
{[%clk 0:04:04]} d4 {[%clk 0:04:02]} 5. g3 {[%clk 0:04:00]} Be6 {[%clk 0:03:59]}
6. Bg2 {[%clk 0:03:57]} Be7 {[%clk 0:03:47]} 7. a3 {[%clk 0:03:46]} a5
{[%clk 0:03:47]} 8. Nc4 {[%clk 0:03:44]} f6 {[%clk 0:03:44]} 9. Nh4
{[%clk 0:03:38]} Qd7 {[%clk 0:03:09]} 10. O-O {[%clk 0:03:29]} b5
{[%clk 0:02:19]} 11. Nd2 {[%clk 0:03:29]} Bd6 {[%clk 0:02:17]} 12. Nf5
{[%clk 0:03:03]} Bf8 {[%clk 0:02:12]} 13. a4 {[%clk 0:02:53]} bxa4
{[%clk 0:02:09]} 14. f4 {[%clk 0:02:52]} g6 {[%clk 0:02:00]} 15. Nh4
{[%clk 0:02:50]} a3 {[%clk 0:01:50]} 16. bxa3 {[%clk 0:02:42]} a4
{[%clk 0:01:51]} 17. Ndf3 {[%clk 0:02:32]} Bg4 {[%clk 0:01:34]} 18. fxe5
{[%clk 0:01:58]} fxe5 {[%clk 0:01:34]} 19. Qe1 {[%clk 0:01:57]} Be7
{[%clk 0:01:19]} 20. Rb1 {[%clk 0:01:47]} Ra5 {[%clk 0:01:03]} 21. Rb8+
{[%clk 0:01:22]} Bd8 {[%clk 0:00:41]} 22. Ng5 {[%clk 0:01:11]} Rc5
{[%clk 0:00:42]} 23. Ra8 {[%clk 0:00:59]} Be6 {[%clk 0:00:28]} 24. Qf2
{[%clk 0:00:48]} Nh6 {[%clk 0:00:05]} 25. Nxe6 {[%clk 0:00:47]} Ng4
{[%clk 0:00:07]} 26. Nxc5 {[%clk 0:00:41]} Qe7 {[%clk 0:00:06]} 27. Qe2
{[%clk 0:00:36]} Nf6 {[%clk 0:00:06]} 28. Nb7 {[%clk 0:00:35]} O-O
{[%clk 0:00:07]} 29. Bh6 {[%clk 0:00:34]} 1-0

[Event "15e Festival de Meurthe et Moselle Blitz"]
[Site "?"]
[Date "2017.02.18"]
[Round "11.4"]
[White "Fridman, Daniel"]
[Black "Partac, Elena"]
[Result "1-0"]
[LiveChessVersion "1.4.8"]
[BlackElo "2105"]
[WhiteElo "2594"]

1. d4 {[%clk 0:04:02]} Nf6 {[%clk 0:04:04]} 2. Nf3 {[%clk 0:04:03]} e6
{[%clk 0:04:06]} 3. c4 {[%clk 0:04:04]} Bb4+ {[%clk 0:04:06]} 4. Bd2
{[%clk 0:04:01]} Qe7 {[%clk 0:04:05]} 5. Nc3 {[%clk 0:04:00]} b6 {[%clk 0:03:59]}
6. g3 {[%clk 0:03:57]} Bb7 {[%clk 0:03:59]} 7. Bg2 {[%clk 0:03:58]} O-O
{[%clk 0:03:54]} 8. O-O {[%clk 0:03:58]} Bxc3 {[%clk 0:03:20]} 9. Bxc3
{[%clk 0:03:58]} Ne4 {[%clk 0:03:20]} 10. Rc1 {[%clk 0:03:59]} Nxc3
{[%clk 0:03:17]} 11. Rxc3 {[%clk 0:04:00]} Be4 {[%clk 0:03:18]} 12. Bh3
{[%clk 0:03:51]} Bxf3 {[%clk 0:02:39]} 13. Rxf3 {[%clk 0:03:51]} Nc6
{[%clk 0:02:40]} 14. Re3 {[%clk 0:03:45]} Qf6 {[%clk 0:02:32]} 15. Rd3
{[%clk 0:03:36]} d6 {[%clk 0:01:43]} 16. Bg2 {[%clk 0:03:35]} d5 {[%clk 0:01:28]}
17. cxd5 {[%clk 0:03:35]} exd5 {[%clk 0:01:03]} 18. Bxd5 {[%clk 0:03:35]} Rad8
{[%clk 0:01:01]} 19. Bxc6 {[%clk 0:03:29]} Qxc6 {[%clk 0:01:02]} 20. d5
{[%clk 0:03:21]} Qd7 {[%clk 0:00:29]} 21. Qd2 {[%clk 0:03:16]} Qh3
{[%clk 0:00:25]} 22. Rc1 {[%clk 0:03:00]} Rd6 {[%clk 0:00:26]} 23. Qf4
{[%clk 0:02:45]} Rf6 {[%clk 0:00:07]} 24. Qe4 {[%clk 0:02:11]} Rh6
{[%clk 0:00:06]} 25. Qg2 {[%clk 0:02:11]} Qd7 {[%clk 0:00:07]} 26. Rdc3
{[%clk 0:02:05]} Rc8 {[%clk 0:00:05]} 27. h4 {[%clk 0:01:58]} Rd6
{[%clk 0:00:06]} 28. e4 {[%clk 0:01:57]} f6 {[%clk 0:00:07]} 29. Rc6
{[%clk 0:01:42]} Rxc6 {[%clk 0:00:06]} 30. Rxc6 {[%clk 0:01:43]} Re8
{[%clk 0:00:06]} 31. Qf3 {[%clk 0:01:35]} Re7 {[%clk 0:00:08]} 32. Qf4
{[%clk 0:01:30]} Kf7 {[%clk 0:00:07]} 33. Kg2 {[%clk 0:01:27]} Kg8
{[%clk 0:00:08]} 34. h5 {[%clk 0:01:25]} Re5 {[%clk 0:00:09]} 35. g4 h6 36. f3
{[%clk 0:01:14]} Qe7 {[%clk 0:00:12]} 37. Qc1 f5 38. Rxc7 {[%clk 0:00:44]} Qh4
{[%clk 0:00:14]} 39. Qf4 {[%clk 0:00:39]} fxg4 {[%clk 0:00:07]} 40. Qf7+
{[%clk 0:00:39]} 1-0